000 00445nam a22001577a 4500
999 _c8640
_d8640
003 OSt
008 200602b ||||| |||| 00| 0 eng d
020 _aBeale Jr , Johan M
100 _aJohn M Beale, John Block
245 _aWilson and Gisvold's Textbook of Organic Medicinal and Pharmaceutical Chemistry
250 _a12th
260 _aNew Delhi
_bWolters Kluwer
_c2019
300 _a1010
650 _aMedicinal Chemistry
942 _2ddc
_cBK